|
|
|
|
| LEADER |
00000nab a2200000 ar4500 |
| 001 |
vtls010069332 |
| 003 |
SK-MaSNL |
| 005 |
20260426064009.0 |
| 008 |
100226c1977 xo ar|p|||| |000 c|ukr |
| 015 |
|
|
|a SNBRA2010/02
|
| 038 |
|
|
|a SVKPOCL
|
| 040 |
|
|
|a SVKPO
|b slo
|c SVKPO
|e AACR2
|
| 041 |
0 |
|
|a ukr
|b slo
|b rus
|b ger
|
| 044 |
|
|
|a xo
|c SK
|
| 080 |
|
|
|a 80(=161.2)+908(477)
|2 2001
|
| 080 |
|
|
|a 39
|2 2001
|
| 080 |
|
|
|a 72.031.4
|2 2001
|
| 080 |
|
|
|a (437.6
|2 2001
|
| 100 |
1 |
|
|a Sopoliga, Miroslav,
|d 1946-
|4 aut
|9 233065
|
| 245 |
1 |
0 |
|a Prostoral'ne planuvannja ta vnutrišnja charakterystyka narodnoho žytla v oblasti pivnično-schidnoji Slovaččyny
|c Myroslav Sopolyha
|
| 300 |
|
|
|b Fotogr.
|
| 504 |
|
|
|a Bibliogr. odkazy
|
| 546 |
|
|
|a Resumé nem., rus., slov.
|
| 610 |
2 |
7 |
|a Múzeum ukrajinskej kultúry (Svidník, Slovensko)
|2 svkpocl
|9 33119
|
| 648 |
|
7 |
|a 19.- 20. stor.
|2 snkbucl
|9 705975
|
| 650 |
0 |
7 |
|a ukrajinistika
|2 svkpocl
|9 51200
|
| 650 |
0 |
7 |
|a etnografia
|2 svkpocl
|9 950
|
| 650 |
0 |
7 |
|a ľudová architektúra
|2 svkpocl
|9 2956
|
| 651 |
|
7 |
|a Slovensko východné
|2 svkpocl
|9 161134
|
| 655 |
|
7 |
|a štúdie
|2 svkpocl
|9 57033
|
| 773 |
0 |
|
|t Naukovyj zbirnyk Muzeju ukrajins'koji kul'tury u Svydnyku. 8. = Vedecký zborník Múzea ukrajinskej kultúry vo Svidníku. 8
|d Prešov : Slovenské pedagogické nakladateľstvo - odbor ukrajinskej literatúry, 1977
|g S. 119-159
|
| 852 |
|
|
|a a SVKPO
|b KIS3GCP
|
| 958 |
|
|
|a UK
|
| 958 |
|
|
|a SK
|
| 958 |
|
|
|a BG
|
| 999 |
|
|
|c 2572012
|d 2573942
|